Państwa Pochodzące od Franków - Bez Kolonii - Statystyki

Ogólne statystyki
  • Ten quiz został rozwiązany 46 razy
    44 od ostatniego zresetowania
  • Średni wynik to 9 z 10
Statystyki odpowiedzi
Państwo % Poprawnych
Belgia
97%
Francja
97%
Niemcy
97%
Austria
95%
Włochy
95%
Holandia
92%
Szwajcaria
92%
Luksemburg
89%
Liechtenstein
79%
Monako
76%
Nie znaleziono quizów pasujących do podanych kryteriów
Rozkład punktacji
Procent ludzi z każdym wynikiem
Percentyl według liczby udzielonych odpowiedzi
Twoja historia wyników
Nie rozwiązałeś tego quizu od ostatniego zresetowania